Los sindicatos y las nuevas tendencias en las relaciones laborales y en la organización del trabajo (Registro nro. 24934)

Detalles MARC
000 -LEADER
fixed length control field 00381 a2200109 4500
001 - CONTROL NUMBER
control field ART_47152
005 - DATE AND TIME OF LATEST TRANSACTION
control field 20260410161850.0
008 - FIXED-LENGTH DATA ELEMENTS--GENERAL INFORMATION
fixed length control field 260409a
100 1# - MAIN ENTRY--PERSONAL NAME
Personal name Montuschi, Luisa
245 10 - TITLE STATEMENT
Title Los sindicatos y las nuevas tendencias en las relaciones laborales y en la organización del trabajo
773 0# - HOST ITEM ENTRY
Title Económica
Related parts - Año XLV, Nº 1 (ene./jun. 1999)
Record control number REV7541

No hay ítems disponibles.